ბათუმის შოთა რუსთაველის სახელმწიფო უნივერსიტეტის ბიბლიოთეკა

Strategic Management for Hospitality and Tourism / (ბიბ.ჩანაწერი № 41159)

000 -LEADER
fixed length control field 00740nam a2200217Ia 4500
001 - CONTROL NUMBER
control field 7809
003 - CONTROL NUMBER IDENTIFIER
control field GE_BSU
005 - DATE AND TIME OF LATEST TRANSACTION
control field 20221114145340.0
008 - FIXED-LENGTH DATA ELEMENTS--GENERAL INFORMATION
fixed length control field 181216s2011||||en |||||||||||||| ||eng||
020 ## - INTERNATIONAL STANDARD BOOK NUMBER
International Standard Book Number 9780750665223x
040 ## - CATALOGING SOURCE
Transcribing agency GE_BSU
041 ## - LANGUAGE CODE
Language code of text/sound track or separate title eng
080 ## - UNIVERSAL DECIMAL CLASSIFICATION NUMBER
Universal Decimal Classification number 005+379.85 O-39
100 ## - MAIN ENTRY--PERSONAL NAME
Personal name Okumus, Fevzi
9 (RLIN) 14797
245 ## - TITLE STATEMENT
Title Strategic Management for Hospitality and Tourism /
Statement of responsibility, etc. Fevzi Okumus,
264 ## - PRODUCTION, PUBLICATION, DISTRIBUTION, MANUFACTURE, AND COPYRIGHT NOTICE
Place of production, publication, distribution, manufacture New York :
Name of producer, publisher, distributor, manufacturer Elsevier,
Date of production, publication, distribution, manufacture, or copyright notice 2011.
300 ## - PHYSICAL DESCRIPTION
Extent 333p.:
Other physical details Ill. ;
Dimensions 23 cm.
653 ## - INDEX TERM--UNCONTROLLED
keyword Strategic Management for Hospitality and Tourism
653 ## - INDEX TERM--UNCONTROLLED
keyword სტრატეგიული მენეჯმენტი მასპინძლობისა და ტურიზმისათვის
942 ## - ADDED ENTRY ELEMENTS (KOHA)
Koha item type წიგნი
Source of classification or shelving scheme
ეგზემპლარები
Withdrawn status Lost status Source of classification or shelving scheme Damaged status Not for loan Permanent Location Current Location Shelving location Date acquired Cost, normal purchase price Full call number Barcode Date last seen Copy number Price effective from Koha item type Public note
          ბათუმის შოთა რუსთაველის სახელმწიფო უნივერსიტეტის მთავარი ბიბლიოთეკა ბათუმის შოთა რუსთაველის სახელმწიფო უნივერსიტეტის მთავარი ბიბლიოთეკა წიგნსაცავი 2018-12-17 122.00 005+379.85 O-39 24167 2018-12-17 24167 2018-12-17 წიგნი 122gel.
          ბათუმის შოთა რუსთაველის სახელმწიფო უნივერსიტეტის მთავარი ბიბლიოთეკა ბათუმის შოთა რუსთაველის სახელმწიფო უნივერსიტეტის მთავარი ბიბლიოთეკა წიგნსაცავი 2018-12-17 122.00 005+379.85 O-39 24168 2018-12-17 24168 2018-12-17 წიგნი 122gel.